Enciclopedia de las plantas útiles del Ecuador (Registro nro. 6689)

Detalles MARC
000 -CABECERA
Campo de control 00804nam a2200277 a 4500
005 - FECHA Y HORA DE LA ULTIMA TRANSACCION
Campo de control 20200602142112.0
008 - ELEMENTOS DE LONGITUD FIJA—INFORMACION GENERAL
Campo de control 200602b ||||| |||| 00| 0 spa d
020 ## - ISBN
ISBN 9789987771358
040 ## - FUENTE DE CATALOGACIÓN
Agencia catalogadora original CO-BoIAVH
Agencia transcriptora CO-BoIAVH
041 ## - IDIOMA
Código de idioma para texto/pista de sonido o título separado Español
082 ## - NUMERO DE CLASIFICACION DECIMAL DEWEY
Número de clasificación 581.986
090 ## - CLASIFICACIÓN LOCAL
Colección RE
Consecutivo 00036
245 ## - MENCION DE TITULO
Título Enciclopedia de las plantas útiles del Ecuador
260 ## - PUBLICACION, DISTRIBUCION, ETC. (PIE DE IMPRENTA)
Lugar de publicación, distribución, etc. Quito
Nombre del editor, distribuidor, etc. Herbario QCA
-- Herbario AAU
Fecha de publicación, distribución, etc. 2008
300 ## - DESCRIPCION FISICA
Extensión 949 p.
650 #0 - ASIENTO SECUNDARIO DE MATERIA - TERMINO TEMATICO
Término temático o nombre geográfico como elemento de entrada Etnobotánica
650 #0 - ASIENTO SECUNDARIO DE MATERIA - TERMINO TEMATICO
Término temático o nombre geográfico como elemento de entrada Plantas útiles
Subdivisión geográfica Ecuador.
650 #0 - ASIENTO SECUNDARIO DE MATERIA - TERMINO TEMATICO
Término temático o nombre geográfico como elemento de entrada diverisdad de flora
662 ## - ASIENTO SECUNDARIO DE MATERIA - JERARQUIA DEL NOMBRE DE LUGAR(
País o entidad mayor Ecuador
700 ## - ASIENTO SECUNDARIO - NOMBRE PERSONAL
Nombre personal Torre, Lucía de la
700 ## - ASIENTO SECUNDARIO - NOMBRE PERSONAL
Nombre personal Navarrete, Hugo
700 ## - ASIENTO SECUNDARIO - NOMBRE PERSONAL
Nombre personal Muriel M., Priscilla
700 ## - ASIENTO SECUNDARIO - NOMBRE PERSONAL
Nombre personal Macía, Manuel J.
700 ## - ASIENTO SECUNDARIO - NOMBRE PERSONAL
Nombre personal Balslev, Henrik
942 ## - ELEMENTOS ADICIONALES (KOHA)
Tipo de ítem Libro
Sistema de clasificación Dewey Decimal Classification
Existencias
Withdrawn status Lost status Sistema de Clasificación Damaged status No para préstamo Colección Ubicación Permanente Ubicación actual Fecha de adquisición Total Checkouts Número topográfico Inventario / Código de Barras Date last seen Ejemplar Price effective from Tipo de material
    Dewey Decimal Classification     Humboldt Bogotá Bogotá 25/11/2008   RE-00036 026605 04/12/2012 Ej.1 04/12/2012 Libro